000 00960cam a2200277 i 4500
001 18407505
003 OSt
005 20250529103445.0
008 141216s2015 enk b 001 0 eng
020 _a9781138799455 (hardcover)
024 _cUSD 67.00
040 _aDLC
_beng
_cDLC
_erda
_dNUST
050 0 0 _aKZ1266 CHA
_b
245 0 0 _aChallenging territoriality in human rights law :
_bbuilding blocks for a plural and diverse duty-bearer regime /
_cedited by Wouter Vandenhole.
260 _aLondon: New York;
_bRoutledge,
_c©2015
300 _axxi, 209 pages ;
_c24 cm.
336 _atext
_2rdacontent
_btxt
337 _aunmediated
_2rdamedia
_bn
338 _avolume
_2rdacarrier
_bnc
504 _aIncludes bibliographical references and index.
650 0 _xInternational law and human rights.
650 0 _xHuman rights.
650 0 _xGlobalization.
700 1 _aVandenhole, Wouter,
_eeditor.
942 _2lcc
_cBOOKS
_hKZ1266.C47CHA
_kKC
_mCHA
_n0
999 _c171637
_d171637